Films in review

Bibliographic Details
Previous Title:New movies
Corporate Author: Rouben Mamoulian Collection (Library of Congress)
Format: Electronic Journal
Language:English
Published: New York, N.Y. : National Board of review of Motion Pictures, Inc.
Subjects:
Online Access:Full text available from Research Library: 07/01/1995 to 01/31/1997

MARC

LEADER 00000nas a2200000 a 4500
001 ssj0012025
003 WaSeSS
005 20200512172242.0
006 m d
007 cr n
008 750824d19501997nyumn p s 0 0eng
010 |a  55058238  
016 |a (AMICUS)000000726616 
022 |l 0015-1688  |y 0015-1688 
035 |a (WaSeSS)ssj0012025 
040 |a MUL  |b eng  |c MUL  |d FUL  |d YUS  |d COO  |d MUL  |d NSD  |d DLC  |d NSD  |d DLC  |d AIP  |d NSD  |d AIP  |d NSD  |d DLC  |d EBZ  |d NST  |d DLC  |d NYP  |d OCL  |d GUA  |d OCLCQ  |d LVB  |d ZP2  |d OCLCQ  |d IUL  |d OCLCQ  |d DLC  |d OCLCQ  |d OCLCF  |d OCLCO  |d YDXCP  |d ISL  |d OCLCQ  |d NLC  |d OCLCQ  |d GILDS  |d OCLCO  |d TYC  |d OCLCQ  |d RDF  |d CBA  |d OCLCO  |d ZAS  |d OCLCO  |d WaSeSS 
042 |a pcc 
050 0 0 |a PN1993  |b .F6473 
082 0 4 |a 791.43/7 
210 0 |a Films rev. 
222 0 |a Films in review 
245 0 0 |a Films in review  |h [electronic resource]. 
260 |a New York, N.Y. :  |b National Board of review of Motion Pictures, Inc. 
310 |a Monthly, except June/July and Aug./Sept. when bimonthly 
362 1 |a Began with Feb. 1950 issue; ceased with Jan./Feb. 1997 issue. 
500 |a Place of publication varies. 
500 |a Mamoulian Collection: Vol. 2, no. 2 (Feb. 1951)-v. 34, no. 8 (Oct. 1983); scattered issues wanting); some issues annotated by Mamoulian.  |5 DLC 
506 |a License restrictions may limit access. 
515 |a Vol. 47, no. 11/12 not published. 
555 |a Vols. 1-10, 1950-59. 1 v.; Vols. 11-15, 1960-64. 1 v.; Vols. 16-20, 1965-69. 1 v. 
588 |a Description based on: Vol. 2, no. 2 (Feb. 1951); title from cover. 
588 |a Latest issue consulted: Vol. 43, no. 11/12 (Nov./Dec. 1992). 
650 0 |a Motion pictures  |v Periodicals. 
650 0 |a Motion pictures  |v Reviews  |v Periodicals. 
650 7 |a Motion pictures.  |2 fast  |0 (OCoLC)fst01027285 
655 0 |a Electronic journals. 
710 2 |a Rouben Mamoulian Collection (Library of Congress)  |5 DLC 
780 0 0 |t New movies  |w (DLC) 2009238252  |w (OCoLC)11992108 
850 |a CU-Riv  |a DLC 
856 4 0 |z Full text available from Research Library: 07/01/1995 to 01/31/1997  |u https://search.proquest.com/publication/37603